Explicit Reportorium perutile de pravitate hereticorum et apostatarum ... (Registro nro. 38621)
[ vista simple ]
| 000 -ENCABEZADO | |
|---|---|
| Número de control [NR] | 01981nam a2200325Ia 4500 |
| 005 - FECHA Y HORA DE LA ÚLTIMA TRANSACCIÓN | |
| control field | 20230622155824.0 |
| 008 - DE LONGITUD FIJA DE DATOS DE ELEMENTOS - INFORMACIÓN GENERAL | |
| Elementos de longitud fija [NR] | 130821s1494 sp grdd spa |
| 040 ## - FUENTE DE CATALOGACION [NR] | |
| Agencia de catalogación original [NR] | Co-BoUCM |
| Idioma de catalogación [NR] | spa |
| Quien Cataloga | Sandra Yazo |
| Quien Clasifica | Sandra Yazo |
| 041 0# - CODIGO DE IDIOMA [R] | |
| Código de idioma para texto/pista de sonido o título separado [R] | Latín |
| 082 04 - NUMERO DE CLASIFICACION DECIMAL DEWEY [R] | |
| Número de clasificación [R] | 261.7 |
| Número de la edición [NR] | 20 |
| 092 ## - SIGNATURA TOPOGRAFICA LOCAL | |
| Número de clasificación local | E22N031 |
| 242 00 - TRADUCCION DEL TITULO POR LA AGENCIA CATALOGADORA [R] | |
| Título [NR] | Catálogo utilísimo repertorio sobre la maldad de los herejes y apóstatas ... |
| Código de idioma del título traducido [NR] | spa |
| 245 00 - MENCION DE TITULO [NR] | |
| Título [NR] | Explicit Reportorium perutile de pravitate hereticorum et apostatarum ... |
| 246 13 - FORMA VARIANTE DEL TITULO [R] | |
| Título propiamente dicho/forma breve del título [NR] | [Catalogo utilísimo repertorio sobre la maldad de los herejes y apóstatas ... ] |
| 260 ## - PUBLICACION, DISTRIBUCION, ETC. (PIE DE IMPRENTA) [R] | |
| Lugar de publicación, distribución, etc. [R] | Valencia (España) |
| Nombre del editor, distribuidor, etc. [R] | [Editorial desconocida] |
| Fecha de publicación, distribución, etc. [R] | 1494 |
| 300 ## - DESCRIPCION FISICA [R] | |
| Extensión [R] | [299] folios |
| 500 ## - NOTA GENERAL [R] | |
| Nota general [NR] | Detalles físicos: Encuadernación flexible en pergamino, en regular estado de conservación (arrugado, manchado). Visibles maculaturas. Guardas elaboradas con sobrantes de imprenta. Texto sin encabezamiento, bien impreso en 38 líneas sobre papel de calidad con caracteres góticos, de dos tamaños. Signaturas. Colofón. Visibles manchas de humedad. Dotación según notas de la fichas en antiguo catalogo. Perteneció a la biblioteca de Rafael María Carrasquilla |
| 500 ## - NOTA GENERAL [R] | |
| Nota general [NR] | Incunable |
| 500 ## - NOTA GENERAL [R] | |
| Nota general [NR] | Título y datos de publicación tomados del colofón |
| 505 0# - NOTA DE CONTENIDO CON FORMATO PREESTABLECIDO [R] | |
| Nota de contenido con formato preestablecido [NR] | Desde "abiuratio" (= abjuración), hasta "zizania" (=cizaña) |
| 506 ## - NOTA DE RESTRICCIONES DE ACCESO [R] | |
| Condiciones de acceso [NR] | Consulta en sala |
| 520 ## - NOTA DE RESUMEN, ETC. [R] | |
| Nota de sumario, etc. [NR] | Es un manual, en orden alfabético, acerca de cómo proceder con los herejes y los apóstatas en diversos casos. Tanto en materias de derecho civil como de derecho eclesiástico |
| 650 04 - ASIENTO SECUNDARIO DE MATERIA - TERMINO TEMATICO [R] | |
| Término temático o nombre geográfico como elemento de entrada [NR] | Derecho canónico |
| Subdivisión de forma [R] | Diccionarios y enciclopedias |
| Subdivisión general [R] | Obras anteriores a 1700 |
| 9 (RLIN) | 12710 |
| 650 04 - ASIENTO SECUNDARIO DE MATERIA - TERMINO TEMATICO [R] | |
| Término temático o nombre geográfico como elemento de entrada [NR] | Derecho civil |
| 9 (RLIN) | 12711 |
| 650 04 - ASIENTO SECUNDARIO DE MATERIA - TERMINO TEMATICO [R] | |
| Término temático o nombre geográfico como elemento de entrada [NR] | Derecho civil |
| Subdivisión de forma [R] | Diccionarios y enciclopedias |
| Subdivisión general [R] | Obras anteriores a 1700 |
| 9 (RLIN) | 12711 |
| 700 1# - ASIENTO SECUNDARIO - NOMBRE PERSONAL [R] | |
| Nombre personal [NR] | Albert, Miguel. |
| 9 (RLIN) | 78277 |
| 700 1# - ASIENTO SECUNDARIO - NOMBRE PERSONAL [R] | |
| Nombre personal [NR] | Palmart, Lambert |
| 9 (RLIN) | 78278 |
| 856 4# - LOCALIZACION Y ACCESO ELECTRONICOS [R] | |
| Identificador Uniforme del Recurso (“URI”) [R] | <a href="http://repository.urosario.edu.co/handle/10336/12097">http://repository.urosario.edu.co/handle/10336/12097</a> |
| Nota dirigida al público [R] | Disponible en línea |
| 942 ## - ELEMENTOS DE ENTRADA AGREGADOS (KOHA) | |
| Tipo de ítem principal el descrito en 300a | Libro |
| Tema principal | 8 |
| Edición | 1 |
| Sistema de clasificación | LOCAL |
| Clasificación | E22N031 |
| Suprimido | Perdido | Sistema de clasificación | Dañado | No prestable | Tipo de ítem específico | Ubicación habitual | Ubicación actual | Localización | Fecha de creación | Forma de adquisición | Costo | Volúmen / Fascículo | Total préstamos | Código de barras | Última vez visto | Ejemplar | Price effective from | Tipo de ítem |
|---|---|---|---|---|---|---|---|---|---|---|---|---|---|---|---|---|---|---|
| DEWEY | Libro archivo | Archivo Histórico | Archivo Histórico | Archivo histórico | 28/02/2014 | Donación | 0.00 | E22N031 | L003290 | 15/12/2012 | Ej.1 | 03/02/2013 | Libro |